Happier Than Ever Tracklist By Streams - Statistics

General Stats
  • This quiz has been taken 12 times
  • The average score is 12 of 16
Answer Stats
# Streams Answer % Correct
1 1,626,961,656 Happier Than Ever
100%
2 929,058,368 Therefore I Am
100%
5 447,681,510 Billie Bossa Nova
80%
14 143,199,026 Everybody Dies
80%
13 153,866,233 GOLDWING
80%
3 544,789,539 my future
80%
6 447,561,393 NDA
80%
16 130,114,348 OverHeated
80%
4 505,340,096 Your Power
80%
7 375,420,273 Halley's Comet
60%
10 285,323,530 I Didn't Change My Number
60%
8 369,196,431 Lost Cause
60%
12 253,104,832 Male Fantasy
60%
15 141,527,359 Not My Responsibility
60%
11 261,192,654 Oxytocin
60%
9 312,500,032 Getting Older
40%
No matching quizzes found
Score Distribution
Percent of People with Each Score
Percentile by Number Answered
Your Score History
You have not taken this quiz